00657nam a22001937a 450000500170000001000130001702000270003003500130005703700160007004000120008608200160009824501440011426000540025827000390031230000240035165000380037565000260041370000240043920170124105915.0 aB-168451 a9781591580928c1100.00 aB-168451 bCen Lib/Ret aDPLbEN a025.02bINN aInnovative redesign and reorganisation of library technical sevices :bpaths for the future and case studies /cedited by Bradford Lee Eden aWestport, ConnecticutbLibraries Unlimited c2005 a88 Post Road West,WestportbLondon axi,480p.c23cm(pbk) aTechnical serviceszUnited States aAcademic Libraries-US aEden, Bradford Lee